000 00538nam a2200193Ia 4500
999 _c33670
_d33670
003 OSt
005 20200911102312.0
008 190216s9999||||xx |||||||||||||| ||und||
020 _a9780074638590
040 _coclc
082 _a621.381
_bGRO/B
100 _aGrob, Bernard
_94534
245 0 _aBasic Electronics /
_cBernard Grob
250 _a8th Ed.
260 _bTata Mcgrawhill Publishers,
_c2000.
_aNew Delhi:
300 _a1010p
650 _aPhysics
942 _cBK
_2ddc
_h621.381
_iGRO/B
_k621.381
_mGRO/B